| 000 | 00549cam a2200193ua 4500 | ||
|---|---|---|---|
| 001 | 9419 | ||
| 005 | 20260515114450.0 | ||
| 008 | 150904n ii |||gr||||Z||||||asm | ||
| 040 | _cMAIN | ||
| 041 | _aasm | ||
| 082 | _a891.4513N | ||
| 100 |
_aBordoloi, Rajani Kanta, _eAuthor. |
||
| 245 | 1 |
_aNirmal bhakat : _basomot dittiyobar maanor aakromonor ghotona / _cby Rajani Kanta Bordoloi . |
|
| 260 |
_aGuwahati: _bSahitya prakash. |
||
| 300 | _a57p. | ||
| 653 | _aEast Indo-European & Celtic literatures | ||
| 653 | _aHistorical novel | ||
| 942 | _cBK | ||
| 999 |
_c8466 _d8466 |
||